000 00519nam a2200181Ia 4500
001 13336
005 20260306164753.0
008 260306t2007||||xx |||||||||||||| ||spa||
041 _aESP
082 _a001.42
_bS718
100 _aSautu, Ruth (Comp.)
_eAUT
245 0 _aPráctica de la investigación cuantitativa y cualitativa:
_bArticulación entre la teoría, los métodos y las técnicas
260 _c2007
300 _a431 páginas :
_c22 cm.
650 _aGEN
654 _aCHU
942 _cLIB
_dJUS
_fJUS
_2ddc
_n
999 _c13336
_d13336